[Event "Guernsey op 45th"]
[Site "Vale"]
[Date "2019.10.22"]
[Round "3"]
[White "Burton, Ronnie"]
[Black "Prins, Jan"]
[Result "1/2-1/2"]
[WhiteElo "1862"]
[BlackElo "1987"]
[PlyCount "25"]
[EventDate "2019.10.20"]
[EventType "swiss"]
[EventRounds "7"]
[EventCountry "GCI"]
[SourceTitle "EXT 2021"]
[Source "ChessBase"]
[SourceDate "2020.10.23"]
[SourceVersion "1"]
[SourceVersionDate "2020.10.23"]
[SourceQuality "1"]

1. d4 d5 2. Nf3 c6 3. Bf4 Bf5 4. e3 e6 5. c4 Bxb1 6. Rxb1 Bb4+ 7. Nd2 Nf6 8. a3 Bxd2+ 9. Qxd2 Ne4 10. Qb4 Qb6 11. Qxb6 axb6 12. Bd3 0-0 13. f3 1/2-1/2

[Event "Guernsey op 45th"]
[Site "Vale"]
[Date "2019.10.20"]
[Round "1"]
[White "Murray, John Stephen"]
[Black "Prins, Jan"]
[Result "1/2-1/2"]
[WhiteElo "1736"]
[BlackElo "1987"]
[PlyCount "87"]
[EventDate "2019.10.20"]
[EventType "swiss"]
[EventRounds "7"]
[EventCountry "GCI"]
[SourceTitle "EXT 2021"]
[Source "ChessBase"]
[SourceDate "2020.10.23"]
[SourceVersion "1"]
[SourceVersionDate "2020.10.23"]
[SourceQuality "1"]

1. e4 c6 2. d4 d5 3. exd5 cxd5 4. Bd3 Nc6 5. c3 g6 6. h3 Bg7 7. Nf3 Nf6 8. 0-0 0-0 9. Re1 a6 10. a4 Qc7 11. Nbd2 Nh5 12. Nf1 Rb8 13. Be3 f5 14. Qc1 f4 15. Bd2 Bf5 16. Bxf5 Rxf5 17. N1h2 Na5 18. Qc2 Nc4 19. Ng4 Rbf8 20. Re6 Nf6 21. Nxf6+ R8xf6 22. Rae1 Rxe6 23. Rxe6 Qd7 24. Re1 Bf6 25. Bc1 Kg7 26. b3 Nd6 27. Ne5 Bxe5 28. Rxe5 g5 29. Qe2 Ne4 30. Rxf5 Qxf5 31. f3 Nxc3 32. Qxe7+ Kh6 33. Ba3 b5 34. Qe8 Qg6 35. Bf8+ Kh5 36. Qxg6+ Kxg6 37. axb5 axb5 38. Kf2 Nd1+ 39. Ke2 Ne3 40. g4 Kf6 41. Bc5 Ng2 42. Bb6 h6 43. Ba5 Ke6 44. Be1 1/2-1/2

[Event "Guernsey op 44th"]
[Site "Vale"]
[Date "2018.10.24"]
[Round "4"]
[White "Prins, Jan"]
[Black "Havenaar, Jan"]
[Result "1/2-1/2"]
[WhiteElo "2003"]
[BlackElo "2043"]
[PlyCount "37"]
[EventDate "2018.10.21"]
[EventType "swiss"]
[EventRounds "7"]
[EventCountry "GCI"]
[SourceTitle "CBM 187 Extra"]
[Source "ChessBase"]
[SourceDate "2018.11.04"]
[SourceVersion "1"]
[SourceVersionDate "2018.11.04"]
[SourceQuality "1"]

1. d4 Nf6 2. Nf3 g6 3. Bf4 d6 4. e3 Bg7 5. Bc4 0-0 6. h3 c5 7. c3 Nc6 8. dxc5 dxc5 9. Qxd8 Nxd8 10. a4 Be6 11. Be2 Bd5 12. 0-0 Ne6 13. Be5 Rfd8 14. c4 Bc6 15. Nc3 Ne4 16. Bxg7 Kxg7 17. Nxe4 Bxe4 18. Rfd1 a5 19. Ne1 1/2-1/2

[Event "Guernsey op 44th"]
[Site "Vale"]
[Date "2018.10.23"]
[Round "3"]
[White "Murray, John Stephen"]
[Black "Prins, Jan"]
[Result "0-1"]
[WhiteElo "1757"]
[BlackElo "2003"]
[PlyCount "76"]
[EventDate "2018.10.21"]
[EventType "swiss"]
[EventRounds "7"]
[EventCountry "GCI"]
[SourceTitle "CBM 187 Extra"]
[Source "ChessBase"]
[SourceDate "2018.11.04"]
[SourceVersion "1"]
[SourceVersionDate "2018.11.04"]
[SourceQuality "1"]

1. e4 c6 2. d4 d5 3. exd5 cxd5 4. Bd3 Nf6 5. Nf3 Nc6 6. c3 g6 7. Bf4 Bg7 8. Nbd2 Nh5 9. Be3 0-0 10. 0-0 e5 11. dxe5 Nxe5 12. Nxe5 Bxe5 13. Nf3 Bf6 14. h3 Re8 15. Qd2 a6 16. Rfe1 Be6 17. Bd4 Bxd4 18. Nxd4 Qf6 19. Bf1 Nf4 20. Kh2 Nh5 21. Rad1 Rad8 22. Re3 Ng7 23. Rf3 Qe5+ 24. Kg1 Rd6 25. Re1 Qh5 26. Qf4 Rd7 27. Bd3 Rde7 28. Rfe3 f5 29. Be2 g5 30. Bxh5 gxf4 31. Rxe6 Rxe6 32. Rxe6 Rxe6 33. Nxe6 Nxe6 34. Bf3 Nc7 35. Kf1 Kf7 36. Ke2 Ke6 37. Kd3 b5 38. Kd4 Kd6 0-1

[Event "Guernsey op 43rd"]
[Site "Vale"]
[Date "2017.10.19"]
[Round "5"]
[White "Bowmer, Kevin"]
[Black "Prins, Jan"]
[Result "1-0"]
[WhiteElo "2041"]
[BlackElo "2025"]
[PlyCount "151"]
[EventDate "2017.10.15"]
[EventType "swiss"]
[EventRounds "7"]
[EventCountry "GCI"]
[SourceTitle "CBM 181 Extra"]
[Source "ChessBase"]
[SourceDate "2017.12.12"]
[SourceVersion "1"]
[SourceVersionDate "2017.12.12"]
[SourceQuality "1"]

1. e4 c6 2. d4 d5 3. Nd2 dxe4 4. Nxe4 Bf5 5. Ng3 Bg6 6. h4 h6 7. Nf3 Nd7 8. h5 Bh7 9. Bd3 Bxd3 10. Qxd3 e6 11. Bd2 Ngf6 12. 0-0-0 Bd6 13. Ne4 Nxe4 14. Qxe4 Nf6 15. Qe2 b5 16. Ne5 Bxe5 17. dxe5 Nd5 18. Qg4 Qc7 19. Qxg7 0-0-0 20. Qg3 Rdg8 21. Qf3 Kb8 22. Qe4 c5 23. a4 a6 24. Rh3 b4 25. b3 Rc8 26. Rh4 a5 27. Re1 Qc6 28. Rg4 Qd7 29. Qd3 Rc7 30. Kb2 Qc6 31. Qe4 Qd7 32. Qd3 Kb7 33. g3 Qc6 34. Re2 Rd7 35. Qe4 Ne7 36. Qxc6+ Kxc6 37. Rf4 Nd5 38. Rf3 Nb6 39. Be3 c4 40. c3 bxc3+ 41. Kxc3 Rd3+ 42. Kc2 Rxb3 43. Rxf7 Nd5 44. Bc1 Rhb8 45. Rd2 Rc3+ 46. Kd1 Rb1 47. Rc2 Rd3+ 48. Ke2 Nc3+ 49. Rxc3 Rxc3 50. Bxh6 Rc2+ 51. Kf3 Rh1 52. g4 Re1 53. g5 Rxe5 54. g6 Rc3+ 55. Kg2 Rxh5 56. g7 Rxh6 57. g8Q Rch3 58. Qc8+ Kd5 59. Rd7+ Ke5 60. Qc5+ Kf6 61. Qd4+ e5 62. Rd6+ Kf5 63. Qc5 Rh2+ 64. Kf3 R2h3+ 65. Ke2 Rxd6 66. Qxd6 Rd3 67. Qc5 Rd4 68. Qxa5 Re4+ 69. Kd2 Kf4 70. Qc3 Rd4+ 71. Kc2 Ke4 72. a5 Kd5 73. a6 Rf4 74. Qe3 Rf8 75. a7 Kc6 76. a8Q+ 1-0

[Event "Guernsey op 43rd"]
[Site "Vale"]
[Date "2017.10.16"]
[Round "2"]
[White "Prins, Jan"]
[Black "Bakkes, Frits"]
[Result "1-0"]
[WhiteElo "2025"]
[BlackElo "1636"]
[PlyCount "87"]
[EventDate "2017.10.15"]
[EventType "swiss"]
[EventRounds "7"]
[EventCountry "GCI"]
[SourceTitle "CBM 181 Extra"]
[Source "ChessBase"]
[SourceDate "2017.12.12"]
[SourceVersion "1"]
[SourceVersionDate "2017.12.12"]
[SourceQuality "1"]

1. d4 d5 2. c4 e6 3. Nc3 Nf6 4. Bf4 c6 5. e3 Bb4 6. Bd3 Qa5 7. Nge2 dxc4 8. Bxc4 Nd5 9. Qc2 Nd7 10. Bg3 N7f6 11. 0-0 0-0 12. e4 Nxc3 13. bxc3 Be7 14. a4 Nh5 15. f4 Nxg3 16. Nxg3 b6 17. Qd3 c5 18. d5 exd5 19. Bxd5 c4 20. Qf3 Rb8 21. Kh1 b5 22. axb5 Qxb5 23. Rxa7 Qc5 24. Raa1 Rb3 25. Ne2 Rd8 26. Rad1 g6 27. Nd4 Rb6 28. Rb1 Rbd6 29. Rb5 Qc7 30. h3 Ba6 31. Rbb1 Qc5 32. Bb7 Bxb7 33. Rxb7 Ra6 34. f5 Bf6 35. fxg6 hxg6 36. e5 Qxe5 37. Nc6 Rxc6 38. Qxc6 Rd6 39. Qxc4 Re6 40. Qc8+ Kg7 41. Qc7 Qe2 42. Qxf7+ Kh6 43. Qh7+ Kg5 44. h4+ 1-0

[Event "Guernsey op 42nd"]
[Site "Vale"]
[Date "2016.10.20"]
[Round "5"]
[White "De Kruif, Kees"]
[Black "Prins, Jan"]
[Result "1-0"]
[WhiteElo "1986"]
[BlackElo "2078"]
[PlyCount "66"]
[EventDate "2016.10.16"]
[EventType "swiss"]
[EventRounds "7"]
[EventCountry "GCI"]
[SourceTitle "CBM 175 Extra"]
[Source "ChessBase"]
[SourceDate "2016.12.12"]
[SourceVersion "1"]
[SourceVersionDate "2016.12.12"]
[SourceQuality "1"]

1. c4 d6 2. g3 e5 3. Bg2 c6 4. Nc3 Be6 5. d3 Qd7 6. e4 Be7 7. Be3 Na6 8. Qd2 Nc7 9. f4 f6 10. Nf3 b5 11. cxb5 cxb5 12. 0-0 b4 13. Ne2 Qb5 14. a3 b3 15. d4 Bc4 16. Nc3 Qa6 17. Rf2 exf4 18. Bxf4 Ne6 19. Be3 Rc8 20. Bh3 Rd8 21. Qd1 Rb8 22. Nd2 Ng5 23. Bxg5 fxg5 24. Nxc4 Qxc4 25. Nd5 Bf6 26. Rc1 Qa4 27. Nc7+ Ke7 28. Nd5+ Kd8 29. e5 Be7 30. Rc7 h5 31. Rxe7 Nxe7 32. Nxe7 Kxe7 33. Qd3 Rh6 1-0

[Event "Guernsey op 42nd"]
[Site "Vale"]
[Date "2016.10.17"]
[Round "2"]
[White "Prins, Jan"]
[Black "Lehmann, Stefan"]
[Result "1-0"]
[WhiteElo "2078"]
[BlackElo "1970"]
[PlyCount "145"]
[EventDate "2016.10.16"]
[EventType "swiss"]
[EventRounds "7"]
[EventCountry "GCI"]
[SourceTitle "CBM 175 Extra"]
[Source "ChessBase"]
[SourceDate "2016.12.12"]
[SourceVersion "1"]
[SourceVersionDate "2016.12.12"]
[SourceQuality "1"]

1. d4 e6 2. Nf3 c5 3. g3 Nf6 4. Bg2 Nc6 5. c3 Be7 6. 0-0 0-0 7. dxc5 a5 8. Be3 Ng4 9. Qd2 Nxe3 10. Qxe3 a4 11. Nbd2 Ra5 12. b4 axb3 13. axb3 Rxc5 14. b4 Rh5 15. Ra8 Qc7 16. Rb1 b5 17. Nd4 Nxd4 18. cxd4 d5 19. Nf3 f5 20. Rc1 Qd7 21. Ne5 Qb7 22. Ra2 Bxb4 23. Rb1 Bd6 24. Bf3 f4 25. gxf4 Rhf5 26. Ra5 Rxf4 27. Raxb5 Qe7 28. Rb6 Qg5+ 29. Kf1 Bxe5 30. Qxe5 Qxe5 31. dxe5 R4f5 32. Rc1 g5 33. h3 R5f7 34. Ke1 Ra7 35. Bg4 Kg7 36. f3 Kg6 37. Bxe6 Bxe6 38. Rxe6+ Kf5 39. Rcc6 Kf4 40. Kf2 d4 41. Rcd6 Kf5 42. Rb6 Ra2 43. Rf6+ Rxf6 44. exf6 Kg6 45. Rd6 d3 46. Rxd3 Kxf6 47. Rd6+ Kg7 48. Re6 Kf7 49. Re4 Ra1 50. e3 Kf6 51. Rb4 Rh1 52. Rb6+ Kg7 53. Kg2 Re1 54. e4 h6 55. Rb2 Kg6 56. Kf2 Rh1 57. Kg3 Rg1+ 58. Rg2 Rf1 59. h4 Kf6 60. Rh2 Rg1+ 61. Kf2 Ra1 62. hxg5+ Kxg5 63. Rg2+ Kf6 64. Rg8 Ra3 65. Kg3 Rb3 66. Kf4 Rb4 67. Ra8 Rc4 68. Ra6+ Kg7 69. Kf5 Rc5+ 70. e5 h5 71. f4 h4 72. Kg4 Rc4 73. Rf6 1-0

[Event "Guernsey op 42nd"]
[Site "Vale"]
[Date "2016.10.16"]
[Round "1"]
[White "Morcom, Huw"]
[Black "Prins, Jan"]
[Result "1/2-1/2"]
[WhiteElo "1961"]
[BlackElo "2078"]
[PlyCount "86"]
[EventDate "2016.10.16"]
[EventType "swiss"]
[EventRounds "7"]
[EventCountry "GCI"]
[SourceTitle "CBM 175 Extra"]
[Source "ChessBase"]
[SourceDate "2016.12.12"]
[SourceVersion "1"]
[SourceVersionDate "2016.12.12"]
[SourceQuality "1"]

1. e4 c6 2. d3 d5 3. Nd2 g6 4. Ngf3 Bg7 5. Be2 dxe4 6. dxe4 Nf6 7. 0-0 0-0 8. c3 a5 9. a4 Na6 10. h3 Nc5 11. Qc2 Nh5 12. Nb3 Ne6 13. Rd1 Qc7 14. Bf1 b6 15. Nbd4 c5 16. Nb5 Qc6 17. Ng5 Nhf4 18. Nxe6 Nxe6 19. Be2 Bb7 20. Bf3 Rad8 21. Be3 Qc8 22. Rxd8 Rxd8 23. Rd1 Be5 24. Rxd8+ Qxd8 25. Na3 Ba6 26. Qd2 Qxd2 27. Bxd2 Bd3 28. g3 g5 29. Bg4 Kf8 30. Bxe6 fxe6 31. Bxg5 Bxe4 32. Nc4 Bc7 33. Bf4 Bd8 34. Bb8 Bd3 35. b3 Bc2 36. Nd2 Ke8 37. c4 Kf7 38. Be5 Kg6 39. f4 h5 40. Kf2 Bf5 41. Kg2 Bc2 42. Kf3 Bd1+ 43. Kf2 Kf5 1/2-1/2

[Event "Utrecht OKU op 43rd"]
[Site "Utrecht"]
[Date "2016.06.03"]
[Round "1"]
[White "Horvath, Csaba"]
[Black "Prins, Jan"]
[Result "1-0"]
[WhiteElo "2522"]
[BlackElo "2067"]
[PlyCount "53"]
[EventDate "2016.06.03"]
[EventType "swiss"]
[EventRounds "6"]
[EventCountry "NED"]
[SourceTitle "CBM 172 Extra"]
[Source "ChessBase"]
[SourceDate "2016.06.21"]
[SourceVersion "1"]
[SourceVersionDate "2016.06.21"]
[SourceQuality "1"]

1. e4 c6 2. Nc3 d5 3. Qe2 d4 4. Nd1 g6 5. f4 Bg7 6. Nf2 b6 7. Nf3 Ba6 8. d3 Nd7 9. e5 Nc5 10. g4 e6 11. Bg2 Rc8 12. Ng5 Rc7 13. Bd2 h6 14. Nge4 Nxe4 15. Nxe4 Qh4+ 16. Kd1 Bf8 17. f5 gxf5 18. gxf5 Qe7 19. Nd6+ Kd7 20. Rf1 f6 21. Bh3 fxe5 22. Qxe5 Rh7 23. fxe6+ Kd8 24. Qf5 Nf6 25. Nf7+ Rxf7 26. exf7 Nd7 27. Re1 1-0

[Event "Guernsey op 41st"]
[Site "Vale"]
[Date "2015.10.19"]
[Round "2"]
[White "Prins, Jan"]
[Black "Van Randen, Fred"]
[Result "1/2-1/2"]
[WhiteElo "2073"]
[BlackElo "1908"]
[PlyCount "38"]
[EventDate "2015.10.18"]
[EventType "swiss"]
[EventRounds "7"]
[EventCountry "GCI"]
[SourceTitle "EXT 2017"]
[Source "ChessBase"]
[SourceDate "2016.10.25"]
[SourceVersion "1"]
[SourceVersionDate "2016.10.25"]
[SourceQuality "1"]

1. d4 d5 2. c4 e5 3. dxe5 d4 4. e4 Nc6 5. f4 f6 6. exf6 Nxf6 7. Bd3 Bb4+ 8. Kf1 0-0 9. a3 Be7 10. Nd2 Ng4 11. Ndf3 Ne3+ 12. Bxe3 dxe3 13. Ne2 Bg4 14. Bc2 Bxf3 15. gxf3 Qe8 16. Qd3 Rd8 17. Qxe3 Qh5 18. Kg2 Bc5 19. Qc3 Qg6+ 1/2-1/2

[Event "Guernsey op 40th"]
[Site "Vale"]
[Date "2014.10.21"]
[Round "3"]
[White "Hess, Christian"]
[Black "Prins, Jan"]
[Result "1/2-1/2"]
[WhiteElo "2185"]
[BlackElo "2049"]
[PlyCount "70"]
[EventDate "2014.10.19"]
[EventType "swiss"]
[EventRounds "7"]
[EventCountry "GCI"]
[SourceTitle "EXT 2016"]
[Source "ChessBase"]
[SourceDate "2015.10.08"]
[SourceVersion "1"]
[SourceVersionDate "2015.10.08"]
[SourceQuality "1"]

1. c4 e5 2. Nc3 d6 3. Nf3 Nf6 4. g3 c6 5. Bg2 Be6 6. b3 Be7 7. 0-0 h6 8. Ba3 g5 9. d4 e4 10. Ne1 d5 11. Bxe7 Qxe7 12. f3 exf3 13. Nxf3 dxc4 14. e4 cxb3 15. d5 Bg4 16. d6 Qe6 17. axb3 0-0 18. e5 Nfd7 19. Ne4 f5 20. Ned2 Nxe5 21. Nc4 Nxc4 22. bxc4 Qxc4 23. d7 Rd8 24. Qd6 Rxd7 25. Qxh6 Bxf3 26. Qxg5+ Rg7 27. Qd8+ Kh7 28. Bxf3 Rd7 29. Qe8 Qf7 30. Qe5 Re7 31. Qc3 Qg7 32. Qc4 Nd7 33. Qh4+ Kg8 34. Bd1 Qh7 35. Bb3+ Kh8 1/2-1/2

[Event "Guernsey op"]
[Site "Guernsey"]
[Date "2013.10.26"]
[Round "7"]
[White "Prins, Jan"]
[Black "Campbell, Ian"]
[Result "1/2-1/2"]
[WhiteElo "2064"]
[BlackElo "2004"]
[PlyCount "46"]
[EventDate "2013.10.20"]
[EventType "swiss"]
[EventRounds "7"]
[EventCountry "GCI"]
[SourceTitle "CBM 157 Extra"]
[Source "ChessBase"]
[SourceDate "2013.12.19"]
[SourceVersion "1"]
[SourceVersionDate "2013.12.19"]
[SourceQuality "1"]

1. d4 g6 2. g3 Bg7 3. Bg2 c6 4. c4 d5 5. cxd5 cxd5 6. Nc3 Nf6 7. Nf3 0-0 8. 0-0 Nc6 9. Ne5 e6 10. Nxc6 bxc6 11. Na4 Nd7 12. f4 Ba6 13. Rf3 Rc8 14. Ra3 Bb5 15. b4 a5 16. Rb1 Re8 17. Nc5 axb4 18. Rxb4 Nxc5 19. dxc5 e5 20. e3 exf4 21. gxf4 Qe7 22. Qc2 d4 23. Bd2 d3 1/2-1/2

[Event "Guernsey op"]
[Site "Guernsey"]
[Date "2013.10.21"]
[Round "2"]
[White "Prins, Jan"]
[Black "Hillarp Persson, Tiger"]
[Result "0-1"]
[WhiteElo "2064"]
[BlackElo "2557"]
[PlyCount "85"]
[EventDate "2013.10.20"]
[EventType "swiss"]
[EventRounds "7"]
[EventCountry "GCI"]
[SourceTitle "CBM 157 Extra"]
[Source "ChessBase"]
[SourceDate "2013.12.19"]
[SourceVersion "1"]
[SourceVersionDate "2013.12.19"]
[SourceQuality "1"]

1. d4 e6 2. c4 c5 3. Nf3 cxd4 4. Nxd4 a6 5. e3 Nf6 6. Nc3 Nc6 7. Nxc6 bxc6 8. Be2 d5 9. 0-0 Bd6 10. Bf3 0-0 11. g3 Be5 12. a4 a5 13. Re1 Ba6 14. cxd5 exd5 15. Bg2 Re8 16. h3 Rb8 17. Bf1 Bxf1 18. Rxf1 Qd7 19. Kg2 h5 20. Ra3 Rb4 21. f4 Bd6 22. Na2 Rb6 23. Rb3 Rxb3 24. Qxb3 Qf5 25. Qd1 Bc5 26. Rf3 Rb8 27. Nc3 Ne4 28. Nxe4 Qxe4 29. Kh2 Rb4 30. Rf2 Rc4 31. b3 Rxc1 32. Qxc1 Bxe3 33. Qc2 Bxf2 34. Qxf2 d4 35. Qa2 d3 36. Kg1 Qf3 37. Qd2 Qd5 38. Qd1 d2 39. Kf2 Qd3 40. g4 h4 41. f5 c5 42. g5 Qxh3 43. f6 0-1

[Event "Guernsey op"]
[Site "Guernsey"]
[Date "2013.10.20"]
[Round "1"]
[White "Marley, Andrew"]
[Black "Prins, Jan"]
[Result "0-1"]
[WhiteElo "1905"]
[BlackElo "2064"]
[PlyCount "96"]
[EventDate "2013.10.20"]
[EventType "swiss"]
[EventRounds "7"]
[EventCountry "GCI"]
[SourceTitle "CBM 157 Extra"]
[Source "ChessBase"]
[SourceDate "2013.12.19"]
[SourceVersion "1"]
[SourceVersionDate "2013.12.19"]
[SourceQuality "1"]

1. d4 d5 2. Nf3 c6 3. c4 Nf6 4. e3 g6 5. Nc3 Bg7 6. Be2 0-0 7. 0-0 Be6 8. Ne5 Nbd7 9. cxd5 Nxd5 10. Nd3 a5 11. Nxd5 Bxd5 12. Nf4 Nb6 13. Qc2 f5 14. Bd2 Bf7 15. Rfd1 e6 16. Nd3 g5 17. Ne5 Qc7 18. f4 g4 19. e4 Bg6 20. Qc5 Bxe5 21. fxe5 Nd7 22. Qe7 Rae8 23. Qh4 Qb6 24. Kh1 Rf7 25. Bc3 Qc7 26. Rf1 c5 27. exf5 exf5 28. e6 Rxe6 29. Bc4 Nf8 30. Bxe6 Nxe6 31. dxc5 Nxc5 32. Rad1 Rf8 33. Rd5 Ne4 34. Be5 Qc4 35. Rfd1 Qe2 36. Rd7 Re8 37. Qh6 Nf2+ 38. Kg1 Qxe5 39. Kxf2 f4 40. Qh4 Qe3+ 41. Kf1 Qe2+ 42. Kg1 f3 43. gxf3 gxf3 44. Qf2 Re4 45. Rd8+ Kg7 46. R8d7+ Kh6 47. R7d4 Rg4+ 48. Rxg4 Qxd1+ 0-1

[Event "Guernsey op 38th"]
[Site "Guernsey"]
[Date "2012.10.26"]
[Round "6"]
[White "Heppell, Ian"]
[Black "Prins, Jan"]
[Result "1/2-1/2"]
[WhiteElo "2118"]
[BlackElo "2040"]
[PlyCount "73"]
[EventDate "2012.10.21"]
[EventType "swiss"]
[EventRounds "7"]
[EventCountry "GCI"]
[SourceTitle "EXT 2013"]
[Source "ChessBase"]
[SourceDate "2012.11.22"]
[SourceVersion "1"]
[SourceVersionDate "2012.11.22"]
[SourceQuality "1"]

1. e4 c6 2. Nc3 d5 3. Nf3 d4 4. Ne2 c5 5. Ng3 e6 6. c3 Nc6 7. Bb5 Bd7 8. cxd4 Nxd4 9. Nxd4 cxd4 10. Bxd7+ Qxd7 11. d3 h5 12. Nxh5 Qb5 13. Nf4 Rc8 14. Qb3 Rc5 15. Qxb5+ Rxb5 16. b3 Nf6 17. Bd2 Ba3 18. 0-0 Ng4 19. h3 Ne5 20. Bc1 Bd6 21. Rd1 g5 22. Ne2 Nc6 23. Bb2 e5 24. Ng3 Kd7 25. Nf5 a5 26. Bc1 f6 27. Bd2 Ba3 28. Bc1 Bb4 29. Bb2 Ra8 30. Rab1 Rc5 31. Rbc1 Bc3 32. a3 b6 33. Bxc3 dxc3 34. Rc2 Nd4 35. Nxd4 exd4 36. Kf1 Rg8 37. f3 1/2-1/2

[Event "Guernsey op 38th"]
[Site "Guernsey"]
[Date "2012.10.21"]
[Round "1"]
[White "Prins, Jan"]
[Black "Glover, John"]
[Result "1-0"]
[WhiteElo "2040"]
[BlackElo "1832"]
[PlyCount "69"]
[EventDate "2012.10.21"]
[EventType "swiss"]
[EventRounds "7"]
[EventCountry "GCI"]
[SourceTitle "EXT 2013"]
[Source "ChessBase"]
[SourceDate "2012.11.22"]
[SourceVersion "1"]
[SourceVersionDate "2012.11.22"]
[SourceQuality "1"]

1. d4 Nf6 2. Nf3 c5 3. g3 e6 4. Bg2 d5 5. 0-0 Nbd7 6. c3 Be7 7. Ne5 0-0 8. e3 Rb8 9. Nd2 Nxe5 10. dxe5 Nd7 11. f4 b5 12. e4 Nb6 13. Qe2 a6 14. exd5 Nxd5 15. Ne4 Bb7 16. Bd2 Qb6 17. Kh1 Rfd8 18. f5 exf5 19. Rxf5 Bc8 20. Rf2 Be6 21. Raf1 Qc7 22. Ng5 Bxg5 23. Bxg5 Rd7 24. Re1 Ne7 25. a3 c4 26. Kg1 Nc6 27. Be4 Ne7 28. h4 Ng6 29. Bc2 Qc5 30. h5 Nf8 31. h6 Ng6 32. hxg7 Rd5 33. Bxg6 hxg6 34. Qe4 Rbd8 35. Qh4 1-0

[Event "Utrecht OKU op 39th"]
[Site "Utrecht"]
[Date "2012.06.09"]
[Round "2"]
[White "Kalkman, Rob"]
[Black "Prins, Jan"]
[Result "1-0"]
[WhiteElo "1898"]
[BlackElo "2040"]
[PlyCount "99"]
[EventDate "2012.06.08"]
[EventType "swiss"]
[EventRounds "6"]
[EventCountry "NED"]
[SourceTitle "CBM 148 Extra"]
[Source "ChessBase"]
[SourceDate "2012.06.22"]
[SourceVersion "1"]
[SourceVersionDate "2012.06.22"]
[SourceQuality "1"]

1. e4 c6 2. d4 d5 3. exd5 cxd5 4. c4 Nc6 5. Nc3 Nf6 6. Bg5 e6 7. Nf3 Be7 8. c5 0-0 9. Bb5 Ne4 10. Nxe4 dxe4 11. Bxc6 Bxg5 12. Bxe4 Qa5+ 13. Ke2 Qb5+ 14. Bd3 Qxb2+ 15. Qc2 Qxc2+ 16. Bxc2 Bf6 17. Be4 Rb8 18. Rab1 b6 19. c6 Ba6+ 20. Ke3 g5 21. Ne5 Bxe5 22. dxe5 Bc4 23. Rhc1 b5 24. a4 a6 25. axb5 axb5 26. Ra1 Rbc8 27. Ra7 Rfd8 28. Rb7 h6 29. Ra1 Bd5 30. c7 Re8 31. Bxd5 exd5 32. Kd4 Re7 33. Raa7 Kf8 34. Kxd5 Ke8 35. f3 b4 36. h4 b3 37. hxg5 hxg5 38. Rxb3 Rexc7 39. Rxc7 Rxc7 40. Rb8+ Ke7 41. Rg8 Ra7 42. Rxg5 Ra5+ 43. Ke4 Ke6 44. f4 Ra4+ 45. Kf3 Ra1 46. Kg4 Ra5 47. Rf5 Ra8 48. Rf6+ Ke7 49. Kf5 Ra5 50. g4 1-0

[Event "Guernsey op 37th"]
[Site "Guernsey"]
[Date "2011.10.19"]
[Round "4"]
[White "Prins, Jan"]
[Black "De Kruif, Kees"]
[Result "1-0"]
[WhiteElo "2051"]
[BlackElo "1953"]
[PlyCount "111"]
[EventDate "2011.10.16"]
[EventType "swiss"]
[EventRounds "7"]
[EventCountry "GCI"]
[SourceTitle "EXT 2012"]
[Source "ChessBase"]
[SourceDate "2011.11.24"]
[SourceVersion "1"]
[SourceVersionDate "2011.11.24"]
[SourceQuality "1"]

1. d4 Nf6 2. Nf3 b5 3. a4 b4 4. c4 e6 5. Bg5 Be7 6. Nbd2 Bb7 7. Qc2 d6 8. e4 h6 9. Bf4 g5 10. Be3 Ng4 11. Qb3 Nxe3 12. Qxe3 g4 13. Ng1 Bg5 14. f4 gxf3 15. Qxf3 Bxd2+ 16. Kxd2 Qg5+ 17. Kc2 f5 18. d5 0-0 19. Nh3 Qg7 20. Bd3 Na6 21. exf5 b3+ 22. Kxb3 Bxd5 23. cxd5 Rab8+ 24. Bb5 Rxf5 25. Qc3 Rxd5 26. Qxg7+ Kxg7 27. Ka3 Nc5 28. Rad1 Rf5 29. Rhf1 Rh5 30. Rf4 e5 31. Rg4+ Kf6 32. Rf1+ Rf5 33. Rxf5+ Kxf5 34. Rg7 Ne6 35. Re7 Nd4 36. Bc4 Nc2+ 37. Ka2 Nb4+ 38. Kb1 d5 39. Be2 Ke4 40. Rxc7 Ke3 41. Bb5 d4 42. Rc4 a5 43. Rc1 d3 44. Re1+ Kd4 45. Nf2 Rf8 46. Nxd3 Nxd3 47. Bxd3 Kxd3 48. Rxe5 Rf2 49. Rxa5 Rxg2 50. Rh5 Rg6 51. Ka2 Kc4 52. Ka3 Re6 53. Rh4+ Kd5 54. a5 Rg6 55. Ka4 Re6 56. b4 1-0

[Event "Guernsey op 37th"]
[Site "Guernsey"]
[Date "2011.10.18"]
[Round "3"]
[White "Norman, Kenneth I"]
[Black "Prins, Jan"]
[Result "1-0"]
[WhiteElo "2160"]
[BlackElo "2051"]
[PlyCount "157"]
[EventDate "2011.10.16"]
[EventType "swiss"]
[EventRounds "7"]
[EventCountry "GCI"]
[SourceTitle "EXT 2012"]
[Source "ChessBase"]
[SourceDate "2011.11.24"]
[SourceVersion "1"]
[SourceVersionDate "2011.11.24"]
[SourceQuality "1"]

1. Nf3 b5 2. e4 Bb7 3. Bxb5 Bxe4 4. 0-0 a6 5. Ba4 e6 6. d4 Nf6 7. c4 Be7 8. Nc3 Bg6 9. Re1 0-0 10. d5 a5 11. Bf4 Nh5 12. Be3 Na6 13. Ne5 Nf6 14. dxe6 fxe6 15. Nxd7 Nxd7 16. Qxd7 Nc5 17. Qxd8 Raxd8 18. Bc6 Nd3 19. Re2 Ne5 20. Be4 Bh5 21. f3 Nxc4 22. Bf2 Rb8 23. b3 Nd6 24. Bc6 Bf6 25. Rc1 Be8 26. Ne4 e5 27. Bxe8 Nxe8 28. Nc5 Rf7 29. Rec2 h5 30. Be3 Rd8 31. Kf2 Rd5 32. Ke2 Be7 33. Ne6 Ba3 34. Rd1 Rxd1 35. Kxd1 Rd7+ 36. Ke2 Kf7 37. Nc5 Rd5 38. Ne4 Rb5 39. Kd3 Bd6 40. Rc4 Rd5+ 41. Kc2 Ke7 42. Nc3 Nf6 43. Nxd5+ Nxd5 44. Bd2 Ke6 45. Kd3 Kf5 46. g3 g5 47. g4+ hxg4 48. Rxg4 Nf4+ 49. Bxf4 exf4 50. Kd4 Bb4 51. Kd5 Be7 52. Rg2 Bd6 53. a4 Bf8 54. h3 Bd6 55. Re2 Kg6 56. Rg2 Kh5 57. Kc6 Kh4 58. Rg4+ Kh5 59. Kd7 Be5 60. Ke6 Bc3 61. Kf5 Bd2 62. Rxg5+ Kh4 63. Rg7 Kxh3 64. Rxc7 Kg3 65. Ke4 Kf2 66. Rc2 Ke1 67. Kd3 Be3 68. Rb2 Bc5 69. Rc2 Bb4 70. Rh2 Bc5 71. Ke4 Be3 72. Rb2 Bd2 73. Kd3 Bb4 74. Rc2 Bd6 75. Ke4 Kd1 76. Rc6 Bb8 77. Rc5 Kd2 78. Rxa5 Kc3 79. Rb5 1-0

[Event "Guernsey op"]
[Site "Grand Havre Bay"]
[Date "2010.10.20"]
[Round "4"]
[White "Williams, Peter Arthur"]
[Black "Prins, Jan"]
[Result "1-0"]
[WhiteElo "2132"]
[BlackElo "2061"]
[PlyCount "105"]
[EventDate "2010.10.17"]
[EventType "swiss"]
[EventRounds "7"]
[EventCountry "GCI"]
[SourceTitle "EXT 2011"]
[Source "ChessBase"]
[SourceDate "2010.11.26"]
[SourceVersion "1"]
[SourceVersionDate "2010.11.26"]
[SourceQuality "1"]

1. d4 d5 2. c4 c6 3. Nf3 Nf6 4. Nc3 g6 5. e3 Bg7 6. Be2 0-0 7. 0-0 b6 8. a4 Ba6 9. Qb3 e6 10. cxd5 Bxe2 11. Nxe2 exd5 12. a5 Nbd7 13. Nf4 Ne4 14. Nd3 bxa5 15. Bd2 Nxd2 16. Nxd2 Qb6 17. Qa4 Qa6 18. Ra3 Nb6 19. Qxa5 Qxa5 20. Rxa5 Nc4 21. Nxc4 dxc4 22. Nb4 Rfb8 23. Ra4 a5 24. Nxc6 Rxb2 25. Rc1 c3 26. Kf1 c2 27. Ke2 Bf8 28. Kd3 Ra6 29. d5 Rab6 30. Rxc2 R6b3+ 31. Kd2 Bb4+ 32. Nxb4 axb4 33. d6 Rxc2+ 34. Kxc2 Rc3+ 35. Kb2 Rc8 36. Rxb4 Kf8 37. d7 Rd8 38. Rd4 Ke7 39. Kc3 Rxd7 40. Rxd7+ Kxd7 41. Kd4 Ke6 42. Ke4 h6 43. f3 Kd6 44. g4 Ke6 45. f4 g5 46. f5+ Kd6 47. Kd4 Kd7 48. Kd5 Ke7 49. e4 Ke8 50. e5 Kd8 51. e6 Ke7 52. exf7 Kxf7 53. Ke5 1-0